| Registos Bibliográficos associados ao registo de autoridade |
|
Etiqueta de registo: 00000ckm 2200025 450 001 1964421 003 http://id.bnportugal.gov.pt/bib/catbnp/1964421 101 0# $apor 102 ## $aPT 116 ## $ad 200 1# $aHistória Natural$bVisual gráfico]$ecolecção de 500 cromos$fdesenhos de E. Vicente e Miguel Conde$gtextos de Pilar Gavin e E. Perez Mas$gtradução portuguesa de F. Y. Cardoso Júnior 205 ## $a1ª ed 210 #9 $aLisboa$cEditorial Ibis, Ltd.ª,$dcop. 1958 215 ## $a2 álbuns ([6, 21 p. il.] cada)$cprincipalmente il., reprodução fotomecânica, color.$d27,5x20 cm 225 2# $aColecção Cultura$isérie 4.ª$válbum 1.º 225 2# $aColecção Cultura$isérie 4.ª$válbum 2.º 300 ## $aÁlbum popularmente designado como "caderneta de cromos" 304 ## $aIdentidade do editor e do distribuidor, segundo referências destacada na contracapa,
omissa na página de rosto, sendo nesta incluída a menção de titularidade do direito
de autor detido por "Francisco Bruguera" 307 ## $aColeção de estampas (ditas "cromos"), de 5,7x8,2 cm, com reproduções de desenhos coloridos
de minerais, plantas e animais de diferentes espécies, coladas sobre rectângulos desenhados
nas folhas de suporte, junto das respectivas legendas, respectivamente arrumadas em
três secções ("Mineralogia", "Botânica" e "Zoologia") 308 ## $aReferências à coleção segundo menções na capa de cada álbum 317 ## $aColeção Leandro de Moraes Sarmento$5PTBN: L.M.S. 978 675 ## $a087.5(084.1)$vmed$zpor$3288233 675 ## $a087.5(=1:469)"19"(084.1)$vBN$zpor$31557998 675 ## $a549(084.1)$vBN$zpor$31817845 675 ## $a58(084.1)$vBN$zpor$3487879 675 ## $a59(084.5)$vBN$zpor$31402244 700 #1 $91$aRodriguez,$bE. Vicente,$ffl. 1950$31997393 702 #1 $91$aConde,$bMiguel,$f1925-2015$4070$31997477 702 #1 $aGavin,$bPilar$4070$332038 702 #1 $aPérez Más,$bErnesto$4070$359083 702 #1 $aBruguera Grané,$bFrancisco,$f1912-1996$4260$31817847 702 #1 $aCardoso Júnior,$bFrancisco José,$f1884-1969$4730$328562 712 02 $aEditorial Ibis$4650$36174 712 02 $aBertrand$4310$312798 801 #0 $aPT$bBN$gRPC 966 ## $d1º Álbum$lBN$mFGMON$pBiblioteca particular Leandro de Moraes Sarmento$sL.M.S. 978 $x3 966 ## $d1º Álbum$lBN$mICONOG$sE.A. 304 P. $x3 966 ## $d2º Álbum$lBN$mICONOG$sE.A. 305 P. $x3
Etiqueta de registo: 00254nkm 2200025 450 001 2285635 003 http://id.bnportugal.gov.pt/bib/catbnp/2285635 100 ## $a20260503d1958 m y0pory01030103ba 101 0# $apor 102 ## $aPT 116 ## $ad 200 1# $a A conquista do espaço$bVisual gráfico]$ecolecção de 250 cromos$fAgência Portuguesa de Revsitas, Editorial Ibis$gdes. Miguel Conde 210 #9 $aLisboa$cAgência Portuguesa de Revistas$cEditorial Ibis,$d[1958] 215 ## $a[50] p.$ctodo il. color.$d29 cm 225 2# $aCultura 305 ## $aVersão portuguesa da edição espanhola (Editorial Bruguera, 1956), com ilustrações
de Miguel Conde. Três dos cromos da edição portuguesa foram desenhados por Carlos
Alberto Santos (Passarola, Coutinho e Cabral, e Sputnik) substituindo cromos da edição
espanhola. O último foi consequência do lançamento do primeiro satélite artificial
em outubro de 1957. Houve duas novas edições desta colecção, pela Editorial Ibis,
com 24 cromos adicionais 307 ## $aColeção de 250 cromos (5,5x7,5 cm) 316 ## $aFaltam os cromos n.ºs: 60 "Superfortalezas" e 178 "O Sud-Ouest-M-2"$5PTBN: L.M.S. 964 317 ## $aColeção Leandro de Moraes Sarmento$5PTBN: L.M.S. 964 606 ## $aCadernetas de cromos$yPortugal$zSéc. 20$2SIPOR$31997213 606 ## $aPublicações juvenis$2SIPOR$367222 675 ## $a087.5(084.1)$vBN$zpor$3288233 702 #1 $91$aConde,$bMiguel,$f1925-2015$31997477 702 #1 $aSantos,$bCarlos Alberto,$f1933-2016$4440$33657 702 #1 $aBruguera Grané,$bFrancisco,$f1912-1996$4260$31817847 710 02 $aAgência Portuguesa de Revistas$3625 711 02 $aEditorial Ibis$4070$36174 801 #0 $aPT$bBN$gRPC 966 ## $lBN$mFGMON$pBiblioteca particular Leandro de Moraes Sarmento$sL.M.S. 964 $x3
Etiqueta de registo: 00254nkm 2200025 450 001 2285652 003 http://id.bnportugal.gov.pt/bib/catbnp/2285652 100 ## $a20260504d1958 m y0pory01030103ba 101 0# $apor 102 ## $aPT 116 ## $ad 200 1# $aMaravilhas do Mundo$ecolecção de 250 cromos$fAgência Portuguesa de Revsitas, Editorial Ibis$gdes. Miguel Conde 210 #9 $aLisboa$cAgência Portuguesa de Revistas$cEditorial Ibis,$d[1958] 215 ## $a2 vols.$ctodos il. color.$d29 cm 225 2# $aCultura.$iSérie 3$v1; 2 305 ## $aVersão portuguesa da edição espanhola (Editorial Bruguera, 1956), com ilustrações
a guache de Miguel Conde. Como a edição original não ilustrava temas portugueses,
três dos cromos do primeiro álbum foram substituídos por guaches de Carlos Alberto
Santos, intitulados "Vale das Furnas", "Cabeça da Velha" e "Ilha da Madeira". O mesmo
ocorreu no segundo álbum, onde dois cromos deram lugar a fotografias coloridas de
monumentos nacionais: o Mosteiro dos Jerónimos e o Palácio da Pena 317 ## $aColeção Leandro de Moraes Sarmento$5PTBN: L.M.S. 979; L.M.S. 980 327 11 $aÁlbum 1: "Maravilhas da Natureza" (12 f.), 125 cromos (5,5x8 cm)$aÁlbum 2: Maravilhas Criadas pelo Homem" (12 f.), 125 cromos (5,5x8 cm) 606 ## $aCadernetas de cromos$yPortugal$zSéc. 20$2SIPOR$31997213 606 ## $aPublicações juvenis$2SIPOR$367222 675 ## $a087.5(084.1)$vBN$zpor$3288233 702 #1 $91$aConde,$bMiguel,$f1925-2015$31997477 702 #1 $aSantos,$bCarlos Alberto,$f1933-2016$4440$33657 702 #1 $aBruguera Grané,$bFrancisco,$f1912-1996$4260$31817847 710 02 $aAgência Portuguesa de Revistas$3625 711 02 $aEditorial Ibis$4070$36174 801 #0 $aPT$bBN$gRPC 966 ## $dV. 1$lBN$mFGMON$pBiblioteca particular Leandro de Moraes Sarmento$sL.M.S. 979 $x3 966 ## $dV. 1$lBN$mFGMON$pBiblioteca particular Leandro de Moraes Sarmento$sL.M.S. 979 - D $x3 966 ## $dV. 2$lBN$mFGMON$pBiblioteca particular Leandro de Moraes Sarmento$sL.M.S. 980 $x3 966 ## $dV. 1$lBN$mFGMON$pBiblioteca particular Leandro de Moraes Sarmento$sL.M.S. 980 - D $x3
Etiqueta de registo: 00254nkm 2200025 450 001 2285645 003 http://id.bnportugal.gov.pt/bib/catbnp/2285645 100 ## $a20260503d1958 m y0pory01030103ba 101 0# $apor 102 ## $aPT 116 ## $ad 200 1# $aHistória Natural$bVisual gráfico]$ecolecção de 500 cromos$fEditorial Ibis$gtextos de Pilar Gavin e E. Perez Mas$gdes. E. Vicente e Miguel Conde$gtrad. F. J. Cardoso Júnior 205 ## $a9ª ed. 210 #9 $aAmadora$cEditorial Ibis$d[ca 1962] 215 ## $a1 v.$ctodo il., color.$d29 cm 225 2# $aColecção Cultura$iSérie 4$v2 305 ## $aVersão portuguesa da edição espanhola (Editorial Bruguera, 1958) 317 ## $aColeção Leandro de Moraes Sarmento$5PTBN: L.M.S. 974 327 11 $aV. 2: (23 f.) 330 ## $aColeção incompleta composta por 250 cromos esmaltados a cores (5,5x8 cm) com base
em guaches de Miguel Conde (minerais) e E. Vicente Rodriguez (plantas e animais),
alusivos à História Natural e arrumada em três secções: Mineralogia, Botânica e Zoologia 606 ## $aCadernetas de cromos$yPortugal$zSéc. 20$2SIPOR$31997213 606 ## $aPublicações juvenis$2SIPOR$367222 675 ## $a087.5(084.1)$vmed$zpor$3288233 701 #1 $aGavin,$bPilar$4070$332038 702 #1 $aPérez Más,$bErnesto$4070$359083 702 #1 $91$aRodriguez,$bE. Vicente,$ffl. 1950$4440$31997393 702 #1 $91$aConde,$bMiguel,$f1925-2015$4440$31997477 702 #1 $aBruguera Grané,$bFrancisco,$f1912-1996$4260$31817847 702 #1 $aCardoso Júnior,$bFrancisco José,$f1884-1969$4730$328562 710 02 $aEditorial Ibis$36174 801 #0 $aPT$bBN$gRPC 966 ## $dV. 2$lBN$mFGMON$pBiblioteca particular Leandro de Moraes Sarmento$sL.M.S. 974 $x3
Etiqueta de registo: 00254nkm 2200025 450 001 2285643 003 http://id.bnportugal.gov.pt/bib/catbnp/2285643 100 ## $a20260503d1958 m y0pory01030103ba 101 0# $apor 102 ## $aPT 116 ## $ad 200 1# $aHistória Natural$bVisual gráfico]$ecolecção de 500 cromos$fEditorial Ibis$gtextos de Pilar Gavin e E. Perez Mas$gdes. E. Vicente e Miguel Conde$gtrad. F. J. Cardoso Júnior 205 ## $a10ª ed. 210 #9 $aAmadora$cEditorial Ibis$d[1963] 215 ## $a2 vols.$ctodo il., color.$d29 cm 225 2# $aColecção Cultura$iSérie 4$v1; 2 305 ## $aVersão portuguesa da edição espanhola (Editorial Bruguera, 1958) 317 ## $aColeção Leandro de Moraes Sarmento$5PTBN: L.M.S. 972; L.M.S. 973 327 11 $aV. 1: (23 f.). - V. 2: (23 f.) 330 ## $aColeção de 500 cromos coloridos (5,5x8 cm), com base em guaches de Miguel Conde (minerais)
e E. Vicente Rodriguez (plantas e animais), alusivos à História Natural e arrumada
em três secções: Mineralogia, Botânica e Zoologia 606 ## $aCadernetas de cromos$yPortugal$zSéc. 20$2SIPOR$31997213 606 ## $aPublicações juvenis$2SIPOR$367222 675 ## $a087.5(084.1)$vmed$zpor$3288233 701 #1 $aGavin,$bPilar$4070$332038 702 #1 $aPérez Más,$bErnesto$4070$359083 702 #1 $91$aRodriguez,$bE. Vicente,$ffl. 1950$4440$31997393 702 #1 $91$aConde,$bMiguel,$f1925-2015$4440$31997477 702 #1 $aBruguera Grané,$bFrancisco,$f1912-1996$4260$31817847 702 #1 $aCardoso Júnior,$bFrancisco José,$f1884-1969$4730$328562 710 02 $aEditorial Ibis$36174 801 #0 $aPT$bBN$gRPC 966 ## $dV. 1$lBN$mFGMON$pBiblioteca particular Leandro de Moraes Sarmento$sL.M.S. 972 $x3 966 ## $dV. 2$lBN$mFGMON$pBiblioteca particular Leandro de Moraes Sarmento$sL.M.S. 973 $x3
|
|
|